[Event "OS INCLIVEIS"]
[Site "http://www.queenalice.com/game.php?id=1201540"]
[Date "2013.7.21"]
[Round "-"]
[White "adelio"]
[Black "jess_loop"]
[Result "0-1"]
[WhiteElo "1705"]
[BlackElo "1204"]

1. d4 d5 2. e4 e6 3. e5 c5 4. Nf3 Qb6 5. a4 Bd7 6. a5 Qc7 7. Be2 Nc6 8. Ng5 Nh6
9. Ra3 c4 10. Bh5 O-O-O 11. Be2 Bxa3 12. Nxa3 Nxa5 13. b4 Nb3 14. cxb3 cxb3 15.
O-O Qc3 16. Bd2 Qxd4 17. Nf3 Qe4 18. Be3 Qxb4 19. Nb1 Kb8 20. Nd4 Ba4 21. Nd2 b2
22. N4b3 d4 23. Bxh6 gxh6 24. g3 Rd5 25. f4 Rc8 26. Qe1 Bxb3 27. Nxb3 Qxe1 28.
Rxe1 d3 29. Bf3 Rb5 30. Nd4 Rc1 31. Bd1 b1=Q 32. Nxb5 Qxb5 33. Kg2 d2 34. Rg1
Qd5+ 35. Kh3 Qd4 36. Rf1 Qc4 37. Rg1 Rc3 38. Bg4 Qxf4 39. Bd1 Qxe5 40. Rg2 Rc2
41. g4 Rc3+ 42. Rg3 Rxg3+ 43. hxg3 Qe1 44. Bf3 d1=Q 45. Bxd1 Qh1# 0-1

[Event "AUTO-OPEN-3044"]
[Site "http://www.queenalice.com/game.php?id=1203767"]
[Date "2013.7.30"]
[Round "1"]
[White "goldenboy"]
[Black "jess_loop"]
[Result "1-0"]
[WhiteElo "2112"]
[BlackElo "1100"]

1. e4 e6 2. d4 d5 3. exd5 exd5 4. c4 dxc4 5. Bxc4 Nf6 6. Nf3 Bd6 7. O-O O-O 8.
Bg5 h6 9. Bh4 Bf5 10. Qb3 Qe7 11. Qxb7 Nbd7 12. Re1 Be4 13. Bxf6 Nxf6 14. Qb3
Rab8 15. Qe3 Rxb2 16. Nc3 Bb4 17. Nd2 Bxc3 18. Qxc3 Rc2 19. Qe3 Re8 20. Nxe4
Qxe4 21. Qxe4 Nxe4 22. Bd3 Rd2 23. Bxe4 Rxd4 24. Bh7+ Kxh7 25. Rxe8 f6 26. h3 g5
27. Re7+ Kg6 28. Rxc7 Ra4 29. Rb7 Ra6 30. a4 Kh5 31. a5 f5 32. g3 f4 33. gxf4
gxf4 34. Kg2 Kh4 35. Kf3 Kxh3 36. Kxf4 Kg2 37. f3 Rf6+ 38. Ke5 Rxf3 39. Rxa7 1-0

[Event "AUTO-OPEN-3044"]
[Site "http://www.queenalice.com/game.php?id=1203768"]
[Date "2013.7.30"]
[Round "1"]
[White "jess_loop"]
[Black "goldenboy"]
[Result "0-1"]
[WhiteElo "1100"]
[BlackElo "2107"]

1. e4 e5 2. Nf3 Nc6 3. Bc4 Bc5 4. c3 Nf6 5. d4 exd4 6. cxd4 Bb4+ 7. Nc3 Nxe4 8.
Qe2 d5 9. O-O Bxc3 10. bxc3 O-O 11. Bb2 Re8 12. Bb3 Nxc3 13. Qd3 Ne4 14. Rae1
Bf5 15. Qb5 Bg4 16. Ne5 Nxe5 17. dxe5 Nd2 18. Ba4 Nxf1 19. Rxf1 Rxe5 20. Bxe5
Rb8 21. Qc5 Rc8 22. Bb3 b6 23. Qxd5 Qxd5 24. Bxd5 Be6 25. Bb7 Rd8 26. Bxc7 Rd7
27. Rc1 Bxa2 28. Bxb6 g6 29. Bc8 Re7 30. Bd4 a5 31. Bd7 Bc4 32. Rxc4 Re1# 0-1

[Event "AUTO-OPEN-3044"]
[Site "http://www.queenalice.com/game.php?id=1203797"]
[Date "2013.7.30"]
[Round "1"]
[White "jess_loop"]
[Black "josebaron"]
[Result "0-1"]
[WhiteElo "1100"]
[BlackElo "1922"]

1. e4 e5 2. Nf3 Nc6 3. Bc4 Be7 4. c3 Nf6 5. d4 exd4 6. cxd4 d6 7. h3 Nxe4 8. O-O
O-O 9. Qd3 Nf6 10. Ng5 d5 11. Bb3 h6 12. Nf3 Ne4 13. Bc2 Nb4 14. Qe2 Nxc2 15.
Qxc2 c6 16. Nbd2 Bf5 17. Nxe4 Bxe4 18. Qe2 Bf6 19. Ne5 Bxe5 20. dxe5 f6 21. Bf4
fxe5 22. Bxe5 Qg5 23. f4 Qg6 24. Qf2 h5 25. Qh4 Qxg2# 0-1

[Event "AUTO-OPEN-3044"]
[Site "http://www.queenalice.com/game.php?id=1203798"]
[Date "2013.7.30"]
[Round "1"]
[White "josebaron"]
[Black "jess_loop"]
[Result "0-1"]
[WhiteElo "1922"]
[BlackElo "1100"]

1. e4 e6 2. Nf3 c5 3. Bc4 d5 4. exd5 exd5 5. Bb5+ Bd7 6. Bxd7+ Qxd7 7. O-O Nc6
8. Re1+ Be7 9. Ne5 Nxe5 10. Rxe5 Nf6 11. d4 O-O 12. dxc5 Bxc5 13. h3 Bd6 14. Re1
Rfe8 15. Nd2 Qf5 16. Nf3 Rxe1+ 17. Nxe1 Re8 18. Nf3 Qe4 19. c3 h6 20. Be3 a6 21.
Qd4 Qc2 22. Qb6 Ne4 23. Qxb7 Rb8 24. Qxd5 Rxb2 25. g3 Bxg3 26. Rf1 Bc7 27. Nd4
Nxc3 28. Qa8+ Rb8 29. Qxa6 Qxa2 30. Qc6 Rc8 31. Qb7 Qa8 32. Qxa8 Rxa8 33. Nf5
Ra5 34. Ne7+ Kf8 35. Nc6 Ne2+ 36. Kg2 Ra6 37. Nd4 Rg6+ 38. Kh1 Nc3 39. Rg1 Rf6
40. Rc1 Nd5 41. Nb5 Bb6 42. Bxb6 Nxb6 43. Kg2 Nd5 44. Nd4 Nf4+ 45. Kg3 Nh5+ 46.
Kg4 g6 47. Nf3 Rf4# 0-1

[Event "AUTO-OPEN-3044"]
[Site "http://www.queenalice.com/game.php?id=1203799"]
[Date "2013.7.30"]
[Round "1"]
[White "jess_loop"]
[Black "Antero"]
[Result "1/2-1/2"]
[WhiteElo "1233"]
[BlackElo "1834"]

1. e4 e5 2. Nf3 Nc6 3. Bc4 Be7 4. c3 Na5 5. Nxe5 Nxc4 6. Nxc4 Nf6 7. Qc2 O-O 8.
O-O d6 9. d3 Re8 10. Nbd2 b5 11. Na5 Qd7 12. c4 c5 13. Ndb3 Bd8 14. f3 Bxa5 15.
Nxa5 Qc7 16. Bd2 b4 17. Qa4 Bd7 18. Qb3 Qxa5 19. a3 Qb6 20. d4 a5 21. d5 a4 22.
Qd3 bxa3 23. bxa3 Qd8 24. Bf4 Bc8 25. e5 Nh5 26. Qe4 Nxf4 27. Qxf4 dxe5 28. Qe3
Ba6 29. Rac1 Qh4 30. Rfd1 Bxc4 31. Qxc5 Bb3 32. Rd2 Rac8 33. Qxc8 Qd8 34. Qc6 h6
35. d6 Be6 36. Qxa4 Bd7 37. Qe4 f6 38. Qg6 Re6 39. Qe4 Qb6+ 40. Kh1 Rxd6 41.
Rxd6 Qxd6 42. Qa8+ Kh7 43. a4 Qd2 44. Qe4+ f5 45. Qc2 Qa5 46. Ra1 h5 47. h3 g6
48. Qb3 Kh6 49. h4 e4 50. Qg8 Qe5 51. Ra3 Qf6 52. Kg1 Qd4+ 53. Kh1 Qd1+ 54. Kh2
Qd6+ 55. Kh3 f4+ 56. Kh2 Qf6 57. Kg1 e3 58. Kf1 Be6 59. Qe8 Bc4+ 60. Kg1 e2 61.
a5 Ba6 62. Ra4 Qg7 1/2-1/2

[Event "AUTO-OPEN-3044"]
[Site "http://www.queenalice.com/game.php?id=1203800"]
[Date "2013.7.30"]
[Round "1"]
[White "Antero"]
[Black "jess_loop"]
[Result "0-1"]
[WhiteElo "1809"]
[BlackElo "1100"]

1. e4 e6 2. e5 d5 3. d4 c5 4. c3 Qb6 5. Nd2 cxd4 6. Qa4+ Bd7 7. Qb3 Qxb3 8. Nxb3
dxc3 9. bxc3 Nc6 10. Nf3 Nge7 11. Nc5 Bc8 12. Nb3 Nf5 13. Bd3 Nfe7 14. O-O Bd7
15. Be3 Rc8 16. Rac1 Ng6 17. Bc5 Bxc5 18. Nxc5 Ncxe5 19. Nxe5 Nxe5 20. Nxd7 Nxd3
21. Rcd1 Rxc3 22. f4 Kxd7 23. Rf3 Rc1 24. Rxd3 Rxd1+ 25. Rxd1 Rc8 26. g3 Rc2 27.
a3 b5 28. Ra1 Rc4 29. Rb1 a6 30. Kg2 Kd6 31. Ra1 e5 32. fxe5+ Kxe5 33. Kf3 Re4
34. Kg2 d4 35. Kf2 d3 36. Re1 f5 37. Re3 d2 38. Rd3 Rd4 0-1

[Event "Challenge"]
[Site "http://www.queenalice.com/game.php?id=1206464"]
[Date "2013.8.8"]
[Round "-"]
[White "fortescxi"]
[Black "jess_loop"]
[Result "1-0"]
[WhiteElo "1225"]
[BlackElo "1303"]

1. d4 d5 2. c4 e5 3. e3 Nc6 4. dxe5 Nxe5 5. Qxd5 Qxd5 6. cxd5 Nf6 7. Nc3 a6 8.
e4 Bb4 9. f3 O-O 10. Bf4 Ng6 11. Bxc7 Re8 12. Bd3 Nxd5 13. Bd6 Ba5 14. Ne2 Ne3
15. Kf2 Bb6 16. Na4 Ng4+ 17. Ke1 Nf6 18. Nxb6 Ra7 19. Bb8 Ra8 20. Nxa8 Be6 21.
Nc7 Rxb8 22. Nxe6 fxe6 23. Rc1 Ne5 24. Bc4 Kf7 25. f4 Nc6 26. e5 Ng4 27. Bd3 h6
28. Be4 Nb4 29. Rc7+ Kg8 30. Nd4 Nd5 31. Bxd5 exd5 32. Ke2 Rf8 33. Ne6 Rf7 34.
h3 Rxc7 35. Nxc7 d4 36. hxg4 Kf7 37. f5 Ke7 38. Rd1 Kf7 39. Rxd4 Ke7 40. e6 b5
41. Rd7+ Kf6 42. e7 Kg5 43. e8=Q Kxg4 44. Qg6+ Kh4 45. Rd4# 1-0

[Event "Let's Play Chess!"]
[Site "http://www.queenalice.com/game.php?id=1209984"]
[Date "2013.8.21"]
[Round "-"]
[White "magalhaes_br"]
[Black "jess_loop"]
[Result "0-1"]
[WhiteElo "1426"]
[BlackElo "1100"]

1. e4 e6 2. Nf3 d5 3. e5 c5 4. Nc3 Qb6 5. Ne2 Nc6 6. Ng3 Bd7 7. Bd3 d4 8. a3 a5
9. O-O O-O-O 10. b3 Nge7 11. c4 dxc3 12. dxc3 Nd5 13. Bb2 a4 14. Rb1 axb3 15.
Bc4 Na5 16. Bd3 c4 17. Be2 Bc5 18. Qe1 Nf4 19. h3 Bc6 20. Bc1 g5 21. Nxg5 Nxg2
22. Qd2 Rxd2 23. Bf3 Bxf2+ 24. Kh2 Bxg3+ 25. Kxg3 Rc2 26. Nxf7 Rg8+ 27. Kh2 Ne1+
28. Kh1 Bxf3+ 29. Rxf3 Qg1# 0-1

[Event "AUTO-OPEN-3064"]
[Site "http://www.queenalice.com/game.php?id=1211074"]
[Date "2013.8.24"]
[Round "1"]
[White "Narizinho"]
[Black "jess_loop"]
[Result "0-1"]
[WhiteElo "1300"]
[BlackElo "1233"]

1. e4 e6 2. Nf3 d5 3. exd5 exd5 4. Bb5+ c6 5. Bd3 Nf6 6. O-O Be7 7. Nc3 O-O 8.
b3 d4 9. Nxd4 Qxd4 10. a4 Bg4 11. Qe1 Bc5 12. Bb2 Bb6 13. h3 Be6 14. Ba3 Re8 15.
b4 Nbd7 16. b5 Bc4 17. Bxc4 Rxe1 18. Rfxe1 Qxc4 19. bxc6 Qxc6 20. Be7 Nh5 21.
Red1 Nf4 22. g3 Qg2# 0-1

[Event "AUTO-OPEN-3064"]
[Site "http://www.queenalice.com/game.php?id=1211075"]
[Date "2013.8.24"]
[Round "1"]
[White "jess_loop"]
[Black "Narizinho"]
[Result "1-0"]
[WhiteElo "1272"]
[BlackElo "1299"]

1. e4 e5 2. Nf3 Nf6 3. Nc3 Nc6 4. Bc4 Bb4 5. O-O O-O 6. d3 Bxc3 7. bxc3 d6 8. h3
Be6 9. Bb3 Bxb3 10. cxb3 d5 11. Qe2 dxe4 12. dxe4 a5 13. Ba3 Na7 14. Bxf8 Qxf8
15. c4 b6 16. Rfe1 c6 17. Rad1 b5 18. Qe3 bxc4 19. bxc4 c5 20. Nxe5 Re8 21. Nd7
Qe7 22. Qxc5 Qd8 23. Ne5 Qb8 24. Rd6 Nb5 25. cxb5 Nh5 26. Nd7 Qd8 27. b6 Qh4 28.
e5 a4 29. b7 Qf4 30. Qc8 g6 31. Qxe8+ Kg7 32. Qf8# 1-0

[Event "AUTO-OPEN-3064"]
[Site "http://www.queenalice.com/game.php?id=1211096"]
[Date "2013.8.24"]
[Round "1"]
[White "jess_loop"]
[Black "mjKoviak"]
[Result "0-1"]
[WhiteElo "1272"]
[BlackElo "1954"]

1. e4 c5 2. c4 Nc6 3. g3 a6 4. a4 b5 5. axb5 Nd4 6. Bg2 Bb7 7. Nh3 axb5 8. Rxa8
Qxa8 9. Ng5 h6 10. Qh5 g6 11. Qh4 Bg7 12. Nh3 Nc2+ 13. Kd1 Nd4 14. d3 Qa4+ 15.
Kd2 Qc2+ 16. Ke3 Qe2+ 17. Kf4 Ne6# 0-1

[Event "AUTO-OPEN-3064"]
[Site "http://www.queenalice.com/game.php?id=1211097"]
[Date "2013.8.24"]
[Round "1"]
[White "mjKoviak"]
[Black "jess_loop"]
[Result "1-0"]
[WhiteElo "1960"]
[BlackElo "1271"]

1. e4 e6 2. d4 d5 3. Nc3 c5 4. dxc5 d4 5. Na4 Nc6 6. Nf3 Qa5+ 7. c3 dxc3 8. Nxc3
Bxc5 9. Be2 Nf6 10. a3 Nxe4 11. b4 Bxb4 12. axb4 Qxa1 13. Nxe4 Nxb4 14. Bb5+ Nc6
15. Nd6+ Ke7 16. O-O Qf6 17. Bg5 Rd8 18. Bxf6+ Kxf6 19. Bxc6 bxc6 20. Qd4+ Ke7
21. Nxc8+ Raxc8 22. Qxg7 Rh8 23. Ne5 Rhf8 24. Qxh7 Kd6 25. Nxf7+ Kc7 26. Ng5+
Kd6 27. Rd1+ Ke5 28. Qe4+ Kf6 29. h4 Rfe8 30. Rd6 c5 31. Rxe6+ Rxe6 32. Qxe6+
1-0

[Event "ROÇA TRIPLA II"]
[Site "http://www.queenalice.com/game.php?id=1219574"]
[Date "2013.9.24"]
[Round "-"]
[White "rogeriooliveira"]
[Black "jess_loop"]
[Result "1-0"]
[WhiteElo "1383"]
[BlackElo "1198"]

1. e4 e6 2. d4 d5 3. exd5 exd5 4. Nc3 Nf6 5. Nf3 Be7 6. Bg5 Bg4 7. Bxf6 Bxf6 8.
Qd3 O-O 9. O-O-O Nc6 10. Be2 Qd6 11. h3 Bd7 12. Rd2 Rfe8 13. Re1 1-0